Výtvarná kultura
| New Title: | Výtvarné umění (1991) |
|---|---|
| Previous Title: | Výtvarné umění (1950) |
| Corporate Author: | |
| Format: | Journal |
| Language: | Czech |
| PhysicalDescription: | 14 zv. 31 cm |
| Published: |
Praha
Orbis
1977-1990
Praha Panorama |
| ISSN: | 0139-9365 0507-5505 0862-9927 |
| Subjects: |
MARC
| LEADER | 00000cas a2200000 a 4500 | ||
|---|---|---|---|
| 001 | vtls008883095 | ||
| 003 | SK-MaSNL | ||
| 005 | 20260228162115.0 | ||
| 008 | 020823d19771990xr br p r 0 0 b0cze c | ||
| 022 | |a 0139-9365 | ||
| 035 | |a (SVKBB03)vtls000124100 | ||
| 040 | |a SVKBB |b slo |c SVKBB |d SNK |e AACR2 | ||
| 041 | 0 | |a cze | |
| 044 | |a xr |c CZ | ||
| 072 | 7 | |a 72/76 |x Výtvarné umenie |2 konspekt | |
| 080 | |a 316.728:72/76 |2 2011 | ||
| 080 | |a 72/76 |2 2011 | ||
| 080 | |a 050 |2 2011 | ||
| 080 | |a (051)-048.55 |2 2011 | ||
| 210 | 0 | |a Výtv. kult. | |
| 222 | 0 | |a Výtvarná kultura | |
| 245 | 0 | 0 | |a Výtvarná kultura |
| 260 | |a Praha |b Orbis |c 1977-1990 | ||
| 260 | 3 | |3 1979-1990 |a Praha |b Panorama | |
| 300 | |a 14 zv. |c 31 cm | ||
| 310 | |a 6x ročne | ||
| 362 | 0 | |a Roč. 1, č. 1 (1977)-Roč. 14, č. 4 (1990) | |
| 550 | |a 1977-1978 vydáva Svaz českých výtvarných umělců, Praha v Orbise, Praha | ||
| 650 | 0 | 7 | |a výtvarná kultúra |2 SNKPH |9 69085 |
| 650 | 0 | 7 | |a výtvarné umenie |2 SNKPH |9 723 |
| 655 | 7 | |a špecializované časopisy |2 SNKPH |9 70509 | |
| 710 | 2 | |a Unie výtvarných umělců |9 34393 | |
| 780 | 0 | 0 | |t Výtvarné umění (1950) |x 0507-5505 |
| 785 | 0 | 8 | |t Výtvarné umění (1991) |x 0862-9927 |
| 910 | |a snk | ||
| 999 | |c 6829 |d 8759 | ||
| 952 | |0 0 |1 1 |4 0 |7 0 |a SNK |b SNK |d 2001-11-20 |l 0 |o snkČB 4178/2/1978 |p 17A0323364 |r 2005-01-02 00:00:00 |t č. 1-6 |w 2026-02-21 |y PREZ | ||
| 952 | |0 0 |1 1 |4 0 |7 0 |a SNK |b SNK |d 2001-11-20 |l 0 |o snkČB 4178/1977 |p 17A0323380 |r 2005-01-02 00:00:00 |t č. 1-6 |w 2026-02-21 |y PREZ | ||
| 952 | |0 0 |1 1 |4 0 |7 0 |a SNK |b SNK |d 2001-11-20 |l 0 |o snkČB 4178/4/1980 |p 17A0323238 |r 2005-01-02 00:00:00 |t č. 1-6 |w 2026-02-21 |y PREZ | ||
| 952 | |0 0 |1 1 |4 0 |7 0 |a SNK |b SNK |d 2001-11-20 |l 0 |o snkČB 4178/3/1979 |p 17A0323239 |r 2005-01-02 00:00:00 |t č. 1-6 |w 2026-02-21 |y PREZ | ||
| 952 | |0 0 |1 1 |4 0 |7 0 |a SNK |b SNK |d 2001-11-20 |l 0 |o snkČB 4178/5/1981 |p 17A0323378 |r 2005-01-02 00:00:00 |t č. 1-6 |w 2026-02-21 |y PREZ | ||
| 952 | |0 0 |1 1 |4 0 |7 0 |a SNK |b SNK |d 2001-11-20 |l 0 |o snkČB 4178/6/1982 |p 17A0323336 |r 2005-01-02 00:00:00 |t č. 1-6 |w 2026-02-21 |y PREZ | ||
| 952 | |0 0 |1 0 |4 0 |7 0 |a SNK |b SNK |d 2001-11-20 |i snkČIP 771/84 |l 0 |o snkČB 4178/7/1983 |p 17A0323338 |r 2005-01-02 00:00:00 |t č. 1-6 |w 2026-02-21 |y PREZ | ||
| 952 | |0 0 |1 1 |4 0 |7 0 |a SNK |b SNK |d 2001-11-20 |l 0 |o snkČB 4178/8/1984 |p 17A0323340 |r 2005-01-02 00:00:00 |t č. 1-6 |w 2026-02-21 |y PREZ | ||
| 952 | |0 0 |1 1 |4 0 |7 0 |a SNK |b SNK |d 2001-11-20 |l 0 |o snkČB 4178/9/1985 |p 17A0323234 |r 2005-01-02 00:00:00 |t č. 1-6 |w 2026-02-21 |y PREZ | ||
| 952 | |0 0 |1 1 |4 0 |7 0 |a SNK |b SNK |d 2001-11-20 |l 0 |o snkČB 4178/10/1986 |p 17A0323233 |r 2005-01-02 00:00:00 |t č. 1-6 |w 2026-02-21 |y PREZ | ||
| 952 | |0 0 |1 1 |4 0 |7 0 |a SNK |b SNK |d 2001-11-20 |l 0 |o snkČB 4178/11/1987 |p 17A0323379 |r 2005-01-02 00:00:00 |t č. 1-6 |w 2026-02-21 |y PREZ | ||
| 952 | |0 0 |1 1 |4 0 |7 0 |a SNK |b SNK |d 2001-11-20 |l 0 |o snkČB 4178/12/1988 |p 17A0323236 |r 2005-01-02 00:00:00 |t č. 1-6 |w 2026-02-21 |y PREZ | ||
| 952 | |0 0 |1 1 |4 0 |7 0 |a SNK |b SNK |d 2001-11-20 |l 0 |o snkČB 4178/13/1989 |p 17A0323235 |r 2005-01-02 00:00:00 |t č. 1-6 |w 2026-02-21 |y PREZ | ||
| 952 | |0 0 |1 1 |4 0 |7 0 |a SNK |b SNK |d 2001-11-20 |l 0 |o snkČB 4178/14/1990 |p 17A0323352 |r 2005-01-02 00:00:00 |t č. 1-6 |w 2026-02-21 |y PREZ | ||
| 952 | |0 0 |1 1 |4 0 |7 0 |a SNK |b SNK |d 2002-04-02 |l 0 |o snkČB 4178/15/1991 |p 17A0337690 |r 2005-01-02 00:00:00 |t č. 1-6 |w 2026-02-21 |y PREZ | ||
| 952 | |0 0 |1 1 |4 0 |7 0 |a SNK |b SNK |d 2003-06-27 |i snkČIP 1641/94 |l 0 |o snkČB 4178/1992 |p 17A0386935 |r 2005-01-02 00:00:00 |t č. 1-6 |w 2026-02-21 |y PREZ | ||


